000 00255nam a22000977a 4500
999 _c11742
_d11742
008 200113b ||||| |||| 00| 0 eng d
020 _a9780823428564
100 _aLewin Ted
_97430
245 _aWhat Am I? Where Am I?
260 _aNew York
_bHoliday House
_c2013